000 00784nam a2200253 a 4500
001 000004863
005 20200929151524.0
008 720627s1976 ag 000 f spa d
040 _aDO-SdBNP
_bspa
_cBNPHU
041 1 7 _aspa
_hfre
082 _a843.914
_bC211pe, 1976
100 1 _aCamus, Albert,
_d1913-1960
_94231
240 1 3 _aLa Peste.
_lEspañol
245 1 3 _aLa peste /
_cAlbert Camus; traducción de Rosa Chacel.
250 _a20a ed.
260 _aBuenos Aires, Argentina :
_bSur,
_c1976.
300 _a239 p. ;
_c17 cm.
490 1 _aÍndice. Ficción
_v11
534 _aTítulo original:
_tLa Peste
650 4 _aNovela francesa
_91075
650 4 _aLiteratura francesa
_ySIGLO XX
_94232
700 1 _aChacel, Rosa,
_etr.
_913632
830 0 _aÍndice. Ficción ;
_v11
_914093
999 _c4669
_d4669